Metal 2017 : 26th International Conference on Metallurgy and Materials. May 24th - 26th 2017, Brno, Czech Republic. Abstracts

Na minha lista:
Detalhes bibliográficos
Autor Corporativo: International Conference on Metallurgy and Materials Brno, Czech Republic (Metal 2017)
Formato: Conference Proceeding Livro
Idioma:inglês
Publicado em: Ostrava : Tanger, 2017
Edição:1st Ed.
Tags: Adicionar Tag
Sem tags, seja o primeiro a adicionar uma tag!

MARC

LEADER 00000nam a22000003a 4500
001 0024456
003 SK-STU
005 20170613124341.7
007 ta
008 170613s ----xo-----e------100-0-----d
020 |a 978-80-87294-73-4 
040 |a STU  |b slo 
041 0 |a eng 
044 |a xr 
111 2 |a International Conference on Metallurgy and Materials  |n 26th  |d 24.-26.5.2017 :  |c Brno, Czech Republic.  |e Metal 2017 
245 1 0 |a Metal 2017 :  |b 26th International Conference on Metallurgy and Materials. May 24th - 26th 2017, Brno, Czech Republic. Abstracts 
250 |a 1st Ed. 
260 |a Ostrava :  |b Tanger,  |c 2017 
300 |a 199 s. 
996 |b 284M087264  |c M* Z-4375  |l MMKN  |s A  |a 24  |w 0024456_0001